| 000 | 00445nam a22001577a 4500 | ||
|---|---|---|---|
| 003 | OSt | ||
| 005 | 20240419111719.0 | ||
| 008 | 240419b |||||||| |||| 00| 0 eng d | ||
| 040 | _cMRSPTU | ||
| 100 | _aMahinder Kaur Gill (ਮਹਿੰਦਰ ਕੌਰ ਗਿੱਲ) | ||
| 245 | _aGuru Mahal Gaatha (ਗੁਰੂ ਮਹਿਲ ਗਾਥਾ) | ||
| 250 | _a1st | ||
| 260 |
_aPunjab _bNavjug Publishers _c2011 |
||
| 300 | _a183 | ||
| 942 |
_2ddc _cBK _n0 |
||
| 999 |
_c10107 _d10107 |
||